| 000 | 01330cam a22003134a 4500 | ||
|---|---|---|---|
| 999 |
_c26031 _d26031 |
||
| 001 | 13214467 | ||
| 005 | 20170201163358.0 | ||
| 008 | 030527s2004 nyua 000 0 eng | ||
| 010 | _a 2003107537 | ||
| 020 | _a0764157035 | ||
| 035 | _a(DLC) 2003107537 | ||
| 040 |
_aDLC _cDLC _dDLC |
||
| 041 | 1 |
_aeng _hspa |
|
| 042 | _apcc | ||
| 050 | 0 | 0 |
_aNC1429 _b.H33315A4 2008 |
| 130 | 0 |
_aAerógrafo. _lEnglish. |
|
| 245 | 1 | 0 |
_aAirbrush / _c[authors, Parramón's Editorial Team ; text and coordination, Myriam Ferrón]. |
| 260 |
_aHauppauge, NY : _bBarron's, _cc2008 |
||
| 300 |
_a96 p. : _bcol. ill. ; _c27 cm. |
||
| 440 | 4 | _aThe Painter's corner | |
| 500 | _a"Instruction in methods and materials when using an airbrush to create finished artworks"--Cover. | ||
| 650 | 0 |
_aAirbrush art _xTechnique. |
|
| 700 | 1 | _aFerrón, Miriam. | |
| 710 | 2 |
_aParramón Ediciones. _bEditorial Team. |
|
| 856 | 4 | 2 |
_3Publisher description _uhttp://www.loc.gov/catdir/description/barrons041/2003107537.html |
| 942 |
_2lcc _cBOOKS _hNC1429 .H33315A4 2008 |
||